Miami Movies by Picture - Statistics

General Stats
  • This quiz has been taken 933 times
  • The average score is 8 of 16
Answer Stats
Picture Answer % Correct
Iron Man 3
95%
Ace Ventura: Pet Detective
86%
Scarface
85%
Catch Me If You Can
81%
Bad Boys
78%
2 Fast 2 Furious
64%
Casino Royale
55%
There's Something About Mary
52%
True Lies
49%
Miami Vice
42%
The Birdcage
39%
Any Given Sunday
35%
Transporter 2
30%
Porky's
25%
Black Sunday
6%
Miami Blues
4%
No matching quizzes found
Score Distribution
Percent of People with Each Score
Percentile by Number Answered
Your Score History
You have not taken this quiz